| 000 | 00919nam a2200229Ia 4500 | ||
|---|---|---|---|
| 003 | OSt | ||
| 005 | 20210422145546.0 | ||
| 008 | 210310s1973 ck gr 001 0 spa d | ||
| 040 |
_aCO-JMCR _cCO-JMCR |
||
| 041 | 0 | _aspa | |
| 082 | 0 | 4 |
_a343.03 / _bG537d _223 |
| 100 | 1 |
_aGiuliani Fonrouge, Carlos M., _915148 _eautor |
|
| 245 | 1 | 0 |
_aDerecho Financiero / _cCarlos M. Giuliani Fonrouge |
| 250 | _a2° edición | ||
| 260 |
_aBuenos Aires : _bEdiciones Depalma, _c1973 |
||
| 300 |
_b2 volúmenes ; _c22 cm. |
||
| 500 | _aIncluye notas a pie de página e índice alfabético de materias. | ||
| 505 | 0 | _aPrincipios generales -- El presupuesto -- Doctrina de la tributación -- Violación de las normas tributarias -- Contencioso tributario -- Régimen tributario argentino -- Crédito público -- | |
| 650 | 1 | 4 |
_aHacienda pública _915150 _zArgentina |
| 650 | 2 | 4 |
_aDerecho financiero _zArgentina _937063 |
| 942 |
_2ddc _cBK |
||
| 999 |
_c7684 _d7684 |
||